000 00313nam a2200133 a 4500
005 20140414132055.0
008 100520s19uu xx 00 eng d
050 _aREF 938
_bP36 2000
100 _aPearson, Anne
245 _aAncient Greece.
440 _aEyewitness books
650 _aGreece
999 _c114280
_d114280